000
00342nam a22001457a 4500
008
230328b ||||| |||| 00| 0 eng d
020
_a
9780736045104
041
_a
eng
080
_2
SECOND EDITION
_a
615.83
082
_a
615.83BRO
100
_a
16
101
_a
EGZAMINIM FIZIK
245
_a
FITNESS RUNNING
_c
BROWN.L.R
942
_2
udc
_c
BK
999
_c
59464
_d
59464